000 00919cam a2200217 4500
001 ABS66421
008 030227n2003 000 0 eng u
035 _a(Sirsi) u121455
100 _aGibson, S.
245 _aEastern promise
260 _c2003
490 _aInside Housing
_v31 January 2003, 21-23(3)
520 _aProvides a guided tour of the Thames Gateway, one of the country's most important development areas. Lists the principal regeneration partners including the Thames Gateway Strategic Partnership chaired by Lord Rooker. Gives details of the five strategic development areas and what is planned for each. Concludes with an overview of what will make the Thames Gateway succeed.
590 _aABS
650 _aTHAMES GATEWAY
650 _aNEW COMMUNITIES
650 _aTRANSPORT INFRASTRUCTURE
650 _aSUSTAINABLE COMMUNITIES
690 _aPROPERTY-PROPERTY DEVELOPMENT
942 _n0
999 _c72176
_d72176